| 000 | 00959cam a22003017a 4500 | ||
|---|---|---|---|
| 020 | _a9789251058374 (pbk) | ||
| 020 | _a9251058377 (pbk) | ||
| 020 | _a9789251067864 | ||
| 020 | _a9251067864 | ||
| 040 | _cAU@ | ||
| 082 | 0 | 4 | _a637 WOR 2011 A037 Or. |
| 110 | 2 | _aJoint FAO/WHO Codex Alimentarius Commission. | |
| 245 | 1 | 0 | _aMilk and milk products. |
| 250 | _a2nd ed. | ||
| 260 |
_aRome : _bWorld Health Organization : _bFood and Agriculture Organization of the United Nations, _c2011. |
||
| 300 |
_aiii, 244 p. ; _c21 cm. |
||
| 490 | 1 | _aCodex alimentarius, | |
| 500 | _aThe Codex Alimentarius Commission is responsieble for the compilation of standards in this volume. | ||
| 650 | 0 | _aMilk | |
| 650 | 0 | _aDairy products | |
| 650 | 0 | _aCheese | |
| 650 | 0 | _aMilk hygiene. | |
| 650 | 0 | _aMilk | |
| 650 | 0 | _aPeroxidase. | |
| 710 | 2 | _aWorld Health Organization. | |
| 710 | 2 | _aFood and Agriculture Organization of the United Nations. | |
| 942 | _cEK | ||
| 999 |
_c11423 _d11423 |
||